000
00482nam a2200181Ia 4500
008
100917s9999 xx 000 0 und d
082
_b
55235
100
_a
बिरादार बाबु
245
_a
कावड
260
_b
श्री विद्या प्रकाशन
_c
1982
300
_a
---
365
_b
15
520
_a
कादंबरी
630
_a
कावड
650
_a
कादंबरी
730
_a
कावड
942
_c
BOOK
999
_c
660629
_d
660626